Dates - Statistiques

Statistiques générales
  • Ce quiz a été pris 62 fois
  • Le résultat moyen est 16 sur 84
Statistiques - réponses
Hint Réponse % Correct
Victoire de Jules César à Alésia, conquête romaine de la Gaule. - 52
71%
Édit de Nantes et paix de Vervins 1598
57%
Le roi franc Charles, de la dynastie carolingienne, est couronné empereur à Rome, sous le nom de Charles (Carolus Magnus en latin, Charlemagne en Français). 800
57%
Invention de l’écriture - 3500
52%
Baptême de Clovis, roi des Francs de la dynastie des Mérovingiens 496
43%
Colonie grecque à Massalia (Marseille) - 600
43%
Prise de la Bastille 14 juillet 1789
38%
Ordonnance de Villers-Cotterêts 1539
38%
Assassinat du roi à Paris (14 mai) 1610
38%
Partage de l’Empire carolingien au Traité de Verdun et création de la Francie Occidentale (future France) 843
38%
Conversion du roi Henri IV (roi de droit depuis 1589 en application de la loi salique) au catholicisme. 1593
33%
Droit de vote des femmes en France 1944
33%
Octave devient « Auguste » : la République romaine devient l’Empire romain - 27
33%
Le dernier empereur romain est déposé par les Goths. 476
33%
Grande ordonnance pour la réforme du royaume (la monnaie royale doit circuler dans le royaume ; interdiction du blasphème, du jeu, de la prostitution, interdiction des tournois et du duel judiciaire). 1254
29%
Échec de François Ier à l’élection impériale, face à Charles de Habsbourg (Charles Quint) 1519
29%
Début du règne personnel de Louis XIV (après la mort du cardinal de Mazarin). 1661
29%
Révocation de l’édit de Nantes. 1685
29%
La Restauration. 1814 / 1830
29%
Suffrage « universel » masculin et *abolition de l’esclavage. 1848
29%
Loi de séparation des Églises et de l’État 1905
29%
Bataille de Verdun 1916
29%
Hitler nommé chancelier en Allemagne 1933
29%
Édit de Caracalla accordant la citoyenneté à tous ses sujets 212
29%
Armistice et victoire de la France et de ses alliés. 11 novembre 1918
24%
Traité de Paris entre Louis IX et le roi d’Angleterre Henri III : Henri III reçoit les terri￾toires de l’ancien héritage d’Aliénor d’Aquitaine dans le Sud-Ouest de la France 1259
24%
Fête de la Fédération (le 14) 14 Juillet 1790
24%
Installation du gouvernement du royaume dans le château de Versailles toujours en construction. 1682
24%
Appel du général de Gaulle depuis Londres 18 juin 1940
24%
Première Guerre mondiale 1914-1918
24%
Serment du Jeu de Paume 20 juin 1789
24%
Exécution de Louis XVI. 21 janvier 1793
24%
Déclaration des droits de l’Homme et du citoyen 26 août 1789
24%
Traité des Pyrénées. 1659
19%
Début de la IIIe République 1870
19%
Révolutions en Russie 1917
19%
Traité de Versailles 1919
19%
*Le traité de Maastricht instituant l’Union Européenne 1992
19%
La mise en place de l’Euro. 2002
19%
Sacre de Napoléon Ier 2 décembre 1804
19%
Abolition des privilèges 4 août 1789
19%
Tombe à char celte de Vix (avec un vase grec en bronze). - 500
19%
Fin de la guerre contre les Albigeois (régence de Blanche de Castille). 1229
14%
Louis IX est fait présionné au cours de la 7e croisade ; libéré contre une rançon en argent 1248
14%
Canonisation du défunt roi (Louis IX) 1297
14%
Affaires des Placards (affichage de thèses protestantes sur la porte du domicile du roi). 1534
14%
Sacre du roi à Chartres (27 février). 1594
14%
Les États généraux, ouvertes depuis le 5 mai, se constituent en Assemblée nationale 17 juin 1789
14%
Les lois scolaires de Jules Ferry 1881-1882
14%
Génocide du peuple arménien dans l’Empire ottoman. 1915-1917
14%
Les traités de Rome et l’Europe des 6 / Création de la CEE. 1957
14%
L’Europe des 28 2013
14%
L’Europe des 27 (mise en œuvre du Brexit). 2021
14%
La France signe un armistice avec l’Allemagne. 22 juin 1940
14%
Pétain Président du Conseil. 17 juin 1940
10%
Invasion de la Pologne par l’armée allemande 1er septembre 1939
10%
Victoire du « non » au référendum sur le Traité Constitutionnel Européen en France et aux Pays-Bas 2005
10%
Le Royaume-Uni et la France déclarent la guerre au IIIe Reich 3 septembre 1939
10%
Entrée en guerre des États-Unis 8 décembre 1941
10%
Capitulation de l’Allemagne nazie 8 mai 1945
10%
proclamation de la République. Septembre 1792
10%
Invasion des Pays-Bas, de la Belgique, du Luxembourg et de la France 10 mai 1940
5%
*Rafle du Vel’ d’Hiv 16-17 juillet 1942
5%
Sacre du roi dans la cathédrale de Reims 1654
5%
Deuxième République. 1848-1852
5%
Second Empire 1852-1870
5%
Affaire Dreyfus 1894-1906
5%
Ouverture des procès de Nuremberg. 20 novembre 1945
5%
Code Civil 21 mars 1804
5%
Création de l’ONU 24 octobre 1945
5%
Libération de Paris. 25 août 1944
5%
Jean Moulin fonde le Conseil national de la Résistance 27 mai 1943
5%
Bombardements atomiques sur le Japon. 6-9 août 1945
5%
Débarquement allié en Normandie. 6 juin 1944
5%
L’Assemblée nationale confie les pleins pouvoirs à Pétain. 10 juillet 1940
0%
Le 14 juillet devient la Fête nationale. 14 juillet 1880
0%
Captivité du roi, libéré d’après les clauses du traité de Madrid. Plus largement, connaître les *« guerres d’Italie » 1525-1526
0%
Concordat. 15 juillet 1801
0%
Défaite de Waterloo, suivie de l’exil de Napoléon à Sainte-Hélène 18 juin 1815
0%
Bataille de Stalingrad (juillet 1942-février 1943). 1942-1943
0%
La proposition Schumann et le traité de Paris / Création de la CECA (Communauté Européenne du Charbon et de l’Acier). 1950-1951
0%
Conférence de Wannsee : la « solution finale ». 20 janvier 1942
0%
Coup d’État du 18-Brumaire an VIII ; Bonaparte est nommé consul provisoire 9-10 novembre 1799
0%
Essor de l’industrialisation en France Après 1830
0%
Aucun quiz correspondant
Distribution des résultats
% des personnes avec chaque résultat
Percentile par nombre de réponses
Votre historique - résultats
Vous n’avez pas pris ce quiz